Championnat du monde de League of Legends 2011-2024 - Statistiques

Statistiques générales
  • Ce quiz a été pris 69 fois
    60 depuis la dernière actualisation
  • Le résultat moyen est 77 sur 112
Statistiques - réponses
Hint Place Nationnalité Réponse % Correct
Worlds 2019 Demi-finaliste KR SK Telecom T1
100%
Worlds 2017 Finaliste KR SK Telecom T1
100%
Worlds 2016 Vainqueur KR SK Telecom T1
100%
Worlds 2015 Vainqueur KR SK Telecom T1
100%
Worlds 2013 Vainqueur KR SK Telecom T1
100%
Worlds 2024 Vainqueur KR T1
100%
Worlds 2023 Vainqueur KR T1
100%
Worlds 2022 Finaliste KR T1
100%
Worlds 2021 Demi-finaliste KR T1
100%
Worlds 2020 Quarts de finale EU Fnatic
98%
Worlds 2019 Quarts de finale EU Fnatic
98%
Worlds 2018 Finaliste EU Fnatic
98%
Worlds 2017 Quarts de finale EU Fnatic
98%
Worlds 2015 Demi-finaliste EU Fnatic
98%
Worlds 2013 Demi-finaliste EU Fnatic
98%
Worlds 2011 Vainqueur EU Fnatic
98%
Worlds 2020 Demi-finaliste EU G2 Esports
98%
Worlds 2019 Finaliste EU G2 Esports
98%
Worlds 2018 Demi-finaliste EU G2 Esports
98%
Worlds 2024 Demi-finaliste KR GenG
98%
Worlds 2023 Quarts de finale KR GenG
98%
Worlds 2022 Demi-finaliste KR GenG
98%
Worlds 2021 Demi-finaliste KR GenG
98%
Worlds 2020 Quarts de finale KR GenG
98%
Worlds 2019 Demi-finaliste CN Invictus Gaming
95%
Worlds 2018 Vainqueur CN Invictus Gaming
95%
Worlds 2012 Quarts de finale CN Invictus Gaming
95%
Worlds 2024 Finaliste CN Bilibili Gaming
93%
Worlds 2023 Demi-finaliste CN Bilibili Gaming
93%
Worlds 2022 Vainqueur KR DRX
90%
Worlds 2020 Quarts de finale KR DRX
90%
Worlds 2020 Vainqueur KR DAMWON
88%
Worlds 2019 Quarts de finale KR DAMWON
88%
Worlds 2022 Quarts de finale KR DWG KIA
88%
Worlds 2021 Finaliste KR DWG KIA
88%
Worlds 2024 Quarts de finale NA Flyquest
88%
Worlds 2019 Vainqueur CN FunPlus Phoenix
88%
Worlds 2022 Quarts de finale EU Rogue
88%
Worlds 2024 Quarts de finale KR Hanwha Life
86%
Worlds 2021 Quarts de finale KR Hanwha Life
86%
Worlds 2023 Quarts de finale KR KT Rolster
86%
Worlds 2018 Quarts de finale KR KT Rolster
86%
Worlds 2015 Quarts de finale KR KT Rolster
86%
Worlds 2024 Quarts de finale CN Top Esports
86%
Worlds 2020 Demi-finaliste CN Top Esports
86%
Worlds 2022 Quarts de finale CN EDward Gaming
81%
Worlds 2021 Vainqueur CN EDward Gaming
81%
Worlds 2018 Quarts de finale CN EDward Gaming
81%
Worlds 2016 Quarts de finale CN EDward Gaming
81%
Worlds 2015 Quarts de finale CN EDward Gaming
81%
Worlds 2014 Quarts de finale CN EDward Gaming
81%
Worlds 2024 Quarts de finale CN LNG Esports
81%
Worlds 2023 Quarts de finale CN LNG Esports
81%
Worlds 2021 Quarts de finale EU MAD Lions
81%
Worlds 2024 Demi-finaliste CN Weibo Gaming
81%
Worlds 2023 Finaliste CN Weibo Gaming
81%
Worlds 2023 Demi-finaliste CN JD Gaming
79%
Worlds 2022 Demi-finaliste CN JD Gaming
79%
Worlds 2020 Quarts de finale CN JD Gaming
79%
Worlds 2022 Quarts de finale CN RNG
79%
Worlds 2021 Quarts de finale CN RNG
79%
Worlds 2018 Quarts de finale CN RNG
79%
Worlds 2017 Demi-finaliste CN RNG
79%
Worlds 2016 Quarts de finale CN RNG
79%
Worlds 2017 Vainqueur KR Samsung Galaxy
79%
Worlds 2016 Finaliste NA Samsung Galaxy
79%
Worlds 2012 Vainqueur LMS Taipei Assassins
79%
Worlds 2021 Quarts de finale NA Cloud9
76%
Worlds 2018 Demi-finaliste NA Cloud9
76%
Worlds 2017 Quarts de finale NA Cloud9
76%
Worlds 2016 Quarts de finale NA Cloud9
76%
Worlds 2014 Quarts de finale NA Cloud9
76%
Worlds 2013 Quarts de finale NA Cloud9
76%
Worlds 2014 Vainqueur KR Samsung White
71%
Worlds 2017 Demi-finaliste CN Team WE
71%
Worlds 2012 Quarts de finale CN Team WE
71%
Worlds 2023 Quarts de finale NA NRG
62%
Worlds 2011 Finaliste EU against All authority
60%
Worlds 2016 Demi-finaliste KR Rox Tigers
57%
Worlds 2020 Finaliste CN Suning
55%
Worlds 2015 Demi-finaliste EU Origen
50%
Worlds 2014 Demi-finaliste KR Samsung Blue
50%
Worlds 2015 Finaliste KR KOO Tigers
45%
Worlds 2014 Quarts de finale NA Team Solo Mid
43%
Worlds 2011 Demi-finaliste NA Team Solo Mid
43%
Worlds 2012 Quarts de finale NA TSM
43%
Worlds 2017 Quarts de finale EU Misfits Gaming
33%
Worlds 2019 Quarts de finale EU Splyce
33%
Worlds 2012 Finaliste KR Azubu Frost
31%
Worlds 2019 Quarts de finale KR Griffin
31%
Worlds 2013 Finaliste CN Royal Club
31%
Worlds 2011 Quarts de finale NA CLG
26%
Worlds 2012 Demi-finaliste EU CLG Europe
26%
Worlds 2016 Demi-finaliste EU H2k-Gaming
26%
Worlds 2012 Demi-finaliste EU Moscow Five
26%
Worlds 2014 Demi-finaliste CN Oh My God
26%
Worlds 2013 Quarts de finale CN Oh My God
26%
Worlds 2018 Quarts de finale KR Afreeca Freecs
24%
Worlds 2015 Quarts de finale LMS Flash Wolves
24%
Worlds 2014 Finaliste CN Star Horn Royal Club
24%
Worlds 2016 Quarts de finale CIS Albus NoX Luna
21%
Worlds 2017 Quarts de finale KR Longzhu Gaming
21%
Worlds 2015 Quarts de finale LMS ahq eSports Club
19%
Worlds 2013 Demi-finaliste KR NaJin Black Sword
19%
Worlds 2012 Quarts de finale KR NaJin Sword
19%
Worlds 2014 Quarts de finale KR NaJin White Shield
19%
Worlds 2013 Quarts de finale EU Gambit Gaming
12%
Worlds 2013 Quarts de finale LMS Gamania Bears
7%
Worlds 2011 Demi-finaliste NA Epik Gamer
5%
Worlds 2011 Quarts de finale SEA Team Pacific
2%
Worlds 2011 Quarts de finale SEA Xan
2%
Worlds 2011 Quarts de finale EU Team gamed!de
0%
Aucun quiz correspondant
Distribution des résultats
% des personnes avec chaque résultat
Percentile par nombre de réponses
Votre historique - résultats
Vous n’avez pas pris ce quiz depuis la dernière actualisation